书目信息 |
| 题名: |
每天学点中医养生饮食
|
|
| 作者: | 王承龙 著 | |
| 分册: | ||
| 出版信息: | 北京 中国画报出版社 2009 |
|
| 页数: | 11,287页 | |
| 开本: | 24cm | |
| 丛书名: | ||
| 单 册: | ||
| 中图分类: | R212 , R247.1 | |
| 科图分类: | ||
| 主题词: | 养生(中医) , 食物养生 | |
| 电子资源: | ||
| ISBN: | 978-7-80220-612-0 | |
| 000 | 00907nam0 2200253 45 | |
| 001 | 1138445672 | |
| 005 | 20110419100954.67 | |
| 010 | @a978-7-80220-612-0@dCNY29.80 | |
| 100 | @a20110409d2009 em y0chiy0110 ea | |
| 101 | 0 | @achi |
| 102 | @aCN@b110000 | |
| 105 | @ay z 000yy | |
| 106 | @ar | |
| 200 | 1 | @a每天学点中医养生饮食@AMei Tian Xue Dian Zhong Yi Yang Sheng Yin Shi@f王承龙著@FWang Cheng Long Zhu |
| 210 | @a北京@c中国画报出版社@d2009 | |
| 215 | @a11,287页@d24cm | |
| 330 | @a本书上章遵循四季养生的规律,将各类食物季节化,以养生需要、调养身体、应季食物为准则,选择合适的食物;下章遵循对症食疗的规律,将不同食物人群化,以特殊人群的身体特点、调养需要为准则,选择合适的食物。 | |
| 606 | 0 | @a养生(中医) |
| 606 | 0 | @a食物养生 |
| 690 | @aR212@v4 | |
| 690 | @aR247.1@v4 | |
| 701 | 0 | @a王承龙@AWang Cheng Long@f(1964~)@4著 |
| 801 | 0 | @aCN@bTANGWEI@c20110419 |
| 905 | @b0535731-35@dR212@e287@f5 | |
| 每天学点中医养生饮食/王承龙著.-北京:中国画报出版社,2009 |
| 11,287页;24cm |
| ISBN 978-7-80220-612-0:CNY29.80 |
| 本书上章遵循四季养生的规律,将各类食物季节化,以养生需要、调养身体、应季食物为准则,选择合适的食物;下章遵循对症食疗的规律,将不同食物人群化,以特殊人群的身体特点、调养需要为准则,选择合适的食物。 |
| ● |
| 相关链接 |
|
|
|
|
正题名:每天学点中医养生饮食
索取号:R212/287
 
预约/预借
| 序号 | 登录号 | 条形码 | 馆藏地/架位号 | 状态 | 备注 |
| 1 | 0535731 | 205357317 | 第二样本阅览室/ [索取号:R212/287] | 在馆 | |
| 2 | 0535732 | 205357326 | 第三借阅区/ [索取号:R212/287] | 在馆 | |
| 3 | 0535733 | 205357335 | 第三借阅区/ [索取号:R212/287] | 在馆 | |
| 4 | 0535734 | 205357344 | 第三借阅区/ [索取号:R212/287] | 在馆 | |
| 5 | 0535735 | 205357353 | 第三借阅区/ [索取号:R212/287] | 在馆 |